00282pab a2200121 454500008004000000100001800040245002200058260000900080300001300089362001000102650001400112773003400126180718b2014 xxu||||| |||| 00| 0 eng d aVijayan, P.K. aAn arrested story c2014 ap.27-28. a7 Jun aTerrorism aEconomic and Political Weekly